| 000 | 00711nam a2200265Ia 4500 | ||
|---|---|---|---|
| 003 | OSt | ||
| 005 | 20221006142315.0 | ||
| 006 | a|||||r|||| 00| 0 | ||
| 007 | ta | ||
| 008 | 221006b |||||||| |||| 00| 0 eng d | ||
| 020 | _cP32.50 | ||
| 024 | _a6,020 | ||
| 037 | _cTextual | ||
| 040 |
_aEASL _cEASL _beng |
||
| 041 |
_2eng _aeng |
||
| 082 | _aV495.N9, P1 | ||
| 100 |
_aMYERS Robert J _9333770 |
||
| 245 | 0 |
_aKorea in the cross currents _b A century of struggle and the crisis of reunification |
|
| 260 |
_aNew York _bPalgrave _c2001 |
||
| 300 |
_a200p. _ccm. |
||
| 490 | _v KEL | ||
| 650 | _aKEL | ||
| 942 |
_hV495.N9, P1 _cTEXL _2CC |
||
| 999 |
_c1074106 _d1074106 |
||